The China business handbook /

Bibliographic Details
Main Author: De Keijzer, Arne J.
Format: Book
Language:English
Published: Weston, CT : San Francisco, CA : Asia Business Communications, Ltd. ; China Books and Periodicals, [1986]
Subjects:

MARC

Tag First Indicator Second Indicator Subfields
LEADER 00000cam a2200000 a 4500
001 in00000589727
005 20151014072809.0
008 861021s1986 ctub 00010 eng d
020 |a 0835117766 :  |c $14.95 
035 |a (OCoLC)14449512 
035 |9 ACP3402AM 
040 |a YFB  |c YFB  |d VRL  |d OCL  |d TXA  |d UtOrBLW 
043 |a a-cc--- 
049 |a TXAM  |c [A10008439] 
090 |a HF3837  |b .D44 1986 
100 1 |a De Keijzer, Arne J. 
245 1 4 |a The China business handbook /  |c by Arne J. de Keijzer. 
264 1 |a Weston, CT :  |b Asia Business Communications, Ltd. ;  |a San Francisco, CA :  |b China Books and Periodicals,  |c [1986] 
264 4 |c ©1986 
300 |a xx, 217 pages :  |b maps ;  |c 21 cm. 
336 |a text  |b txt  |2 rdacontent 
337 |a unmediated  |b n  |2 rdamedia 
338 |a volume  |b nc  |2 rdacarrier 
650 0 |a Commercial law  |z China. 
651 0 |a China  |x Commerce  |x Handbooks, manuals, etc. 
999 |a MARS 
999 f f |s c0e9b728-f5d0-3f8b-b9e9-e89db54388cc  |i 6ed4cbc7-aaf5-352c-a3b6-690f60e70718  |t 0 
952 f f |p ric  |a Texas A&M University  |b Rellis Campus  |c Joint Library Facility  |d Remote Storage  |t 0  |e HF3837 .D44 1986  |h Library of Congress classification  |i unmediated -- volume  |m A14810008439 
998 f f |a HF3837 .D44 1986  |t 0  |l Remote Storage